| 000 | 00370nam a2200133Ia 4500 | ||
|---|---|---|---|
| 008 | 240624s9999 xx 000 0 und d | ||
| 041 | _aeng | ||
| 082 | _a828 BER | ||
| 100 | _aBERNERS LEE MIKE | ||
| 245 | _aHOW BAD ARE BANANAS THE CARBON FOOTPRINT | ||
| 260 |
_c2011 _aNew Delhi _bViva Books Private Limited |
||
| 300 | _axiv, : 239 : p. : cm. ; 20 | ||
| 365 |
_cRS _b33.5 |
||
| 999 |
_c18846 _d18846 |
||